[Event "WYCC U12"]
[Site "Porto Carras"]
[Date "2015.11.04"]
[Round "10"]
[White "Vettese, Nicholas"]
[Black "Liang, Awonder"]
[Result "0-1"]
[WhiteElo "2046"]
[BlackElo "2365"]
[Annotator "John Upper"]
[PlyCount "220"]
[EventDate "2015.10.26"]
[EventType "swiss"]
[EventRounds "11"]
[EventCountry "GRE"]
[SourceTitle "Chess Canada - Ketchup 1"]
[SourceDate "2017.03.23"]

1. e4 c5 {A marathon. Black gets an endgame plus, but White sets up a fortress.
Black pressess and pressess and presses and over-presses and... is eventually
rewarded, because this isn't a fairytale.} 2. Nf3 d6 3. d4 cxd4 4. Nxd4 Nf6 5.
Nc3 Nc6 6. Bg5 e6 7. Qd2 Qb6 {Diagram [#]} 8. Bxf6 (8. O-O-O Qxd4 9. Qxd4 Nxd4
10. Rxd4 a6 11. f3 Bd7 12. Na4 Bc6 13. Nb6 Rd8 14. Nc4 Be7 15. Na5 $14 {
(1-0, 37) Kasparov,G (2838)-Mchedlishvili,M (2551) Bled, 2002.}) 8... gxf6 9.
Nb3 Bd7 10. O-O-O O-O-O 11. f4 Kb8 12. Kb1 Na5 13. Be2 h5 14. Rhf1 {Diagram [#]
} Nxb3 (14... Be7 15. Rf3 Nxb3 16. axb3 Qc5 17. Rh3 h4 18. Bg4 Bc6 19. Rd3 Rhg8
20. h3 a6 21. Qe1 $14 {(½-½, 52) Jakovenko,D (2732)-Romanov,E (2624)
Taganrog, 2011.}) 15. axb3 Be7 16. Bf3 $146 (16. Rf3 {transposes to
Jakovenko-Romanov (above).}) 16... h4 {Diagram [#]} 17. Rde1 {It feels like
White starts to drift here. One idea is Bg4 and f4-f5 to pressure e6 and fight
for d5; e.g.} (17. f5 Rc8 18. Bg4 Rc5 19. Qd3 {planning either Qh3 or fxe6
then Nd5.}) 17... Qa5 18. Qd3 Rc8 19. Qd4 Qc5 20. Qxc5 Rxc5 21. Be2 Rcc8 22.
Bf3 Rcg8 {Diagram [#]} 23. Rh1 {A strange-looking move, but clearly White
wanted to move his g-pawn and was preparing to fight for the h-file. I don't
know why he wants to move his g-pawn: the Bf3 keeps both Black rooks from
doing anything on the kingside files, so doubling on the d-file or preparing
f4-f5 with h3 and Bg4 might have been better.} Bd8 24. Ne2 Bb6 25. g4 hxg3 26.
hxg3 Bc6 {Diagram [#]} 27. g4 $2 (27. Ref1 $142 {protecting the B and
unpinning the e4-pawn.}) 27... Kc7 $6 (27... f5 $1 {may win a pawn:} 28. gxf5
exf5 29. Nc3 Ba5 $1 $17) 28. f5 $1 Kd7 29. Rxh8 Rxh8 30. Rh1 Rxh1+ 31. Bxh1 {
Diagram [#] Black has the B pair and the better B in an ending with pawns on
both sides of the board. The only things that keep White in the game are that
his bad B protects all his weak pawns, and there are too many pawns in the
center for Black's Bs to be able to attack both sides of the board.} Ke7 32. c4
Bc5 33. Kc2 a5 34. Kd3 Bf2 35. Nd4 Bxd4 36. Kxd4 b6 {Diagram [#]It's a double
fortress: neither side can create a double-attack or even a zugzwang, and so
should be drawn.} 37. Bf3 Kf8 38. Ke3 Kg7 39. Kf4 Kh6 40. Be2 e5+ 41. Kf3 Kg5
42. Bd3 Kh4 43. Bf1 Bd7 44. Bd3 Be8 45. Bf1 Bc6 46. Be2 Kh3 47. Bd3 Kh2 48. Kf2
Bb7 49. Bc2 {Diagram [#]Black tries the kingside....} Ba6 50. Bd3 Bc8 51. Bb1
Bd7 52. Bd3 Bc6 53. Kf3 Kh3 54. Bf1+ Kh4 55. Bd3 Bd7 56. Be2 Bc8 57. Bd1 Kh3
58. Be2 Bb7 59. Bf1+ Kh4 60. Be2 Kg5 61. Bd3 Bc6 {Diagram [#]} 62. Be2 (62. Kg3
{Looks like the simplest way to hold, since Black can't get his B going on the
queenside; e.g.} a4 $2 63. b4 $16) 62... Kh6 63. Bd3 Bb7 64. Kg3 Kg5 65. Kf3
Bc6 66. Be2 Ba8 67. Bd3 Bb7 68. Be2 Kh6 69. Bd3 Kg7 70. Kg3 Kf8 71. Kf3 Ke7 72.
Ke3 Kd7 73. Kd2 Kc6 74. Kc2 Kc5 75. Kc3 {Diagram [#]Black tries the queenside..
. Black can try to triple attack c4 (with ...b5 and ...Ba6) but it seems to me
that White has more than one way to defend against it, including just giving
up the c and b pawns for Black's b-pawn! (see the note to move 84)} Bc8 (75...
Bc6 76. Bb1 b5 77. Bc2 $1 (77. Bd3 $4 b4+ 78. Kd2 Kd4 $19) 77... Bb7 (77... a4
78. cxb5 axb3 $8 $11) 78. Bb1 Bc8 {Black is trying to zug White so that on ...
Ba6 there is no Ba2.} (78... Ba6 79. Ba2 $1) 79. cxb5 $1 (79. Bc2 $2 Ba6 80.
cxb5 Bxb5 81. Bd1 Bf1 82. Bf3 Ba6 {(so that on b4 axb4, Kxb4 there will be no
tempo on the B)} 83. Bd1 d5 $1 84. exd5 Kxd5 $19) 79... Kxb5 80. Bc2 Kc5 {
Analysis Diagram [#]} 81. b4+ $3 {a blockading sacrifice so the black K can't
step on b4.} (81. Kd3 Kb4 82. Ke3 Bb7 83. Kd3 d5 84. exd5 Bxd5 85. Bd1 e4+ $1
$19) (81. Bb1 Ba6 82. Bc2 (82. Bd3 $2 Bxd3 83. Kxd3 d5 $19) 82... Be2 $19)
81... axb4+ 82. Kd3 Ba6+ 83. Ke3 {Black can press, but I don't see a way in.})
76. Be2 Bd7 77. Bd3 Bc6 78. Bb1 Bb7 79. Bd3 Ba6 80. Bf1 b5 81. Be2 $8 Bb7 82.
Bf3 $8 Bc6 83. Bg2 Ba8 {Diagram [#]} 84. Bh1 (84. Bf3 Bb7 85. Bg2 Ba6 86. Bf1
b4+ $1 87. Kd3 a4 $1 88. Be2 (88. Ke3 $2 a3 $19) 88... axb3 (88... a3 $2 89.
bxa3 bxa3 90. Kc3 a2 91. b4+ {and White is the one who will wrack his brains
looking for a win.}) 89. Ke3 Bxc4 90. Bd1 {computers say Black is winning ,
but I don't see a way to make progress.}) 84... Bb7 85. Bf3 Bc6 86. Bg2 Bd7 87.
Bh1 Be8 88. Bf3 b4+ 89. Kd3 Kc6 90. Be2 Kd7 91. Ke3 Ke7 92. Bd1 Kf8 93. Kf3 Kg7
94. Kg3 Kh6 95. Kh4 Bd7 96. Bc2 Bc6 97. Kh3 Kg5 98. Kg3 Bd7 99. Bd1 Be8 100.
Kf3 Kh4 101. Bc2 Kh3 102. Bd1 Kh2 103. Bc2 {Diagram [#]Back to the kingside...}
Kg1 $6 {The black K can't get past f1, so this is either a bluff or Black has
decided on a bad pawn break.} 104. Bd3 Bc6 105. Kg3 a4 $4 106. bxa4 Bxa4 {
Diagram [#] Critical Position Black's K is trapped, but I suppose he hoped he
could play ...Bd1 and zugzwang White into allowing ...Be2 or ...Kf1 or ...Kf2,
when he would be winning. White could avoid that zugzwang by simply
oscillating his B on the f1-a6 diagonal... all he has to make the diagonal
longer to do so:} 107. Kh4 $4 (107. g5 $2 $11 fxg5 108. f6 (108. c5 $2 dxc5
109. f6 Bb3 $19) 108... Bb3 (108... Bd7 $4 109. c5 $1 dxc5 110. Bc4 $18) 109.
Be2 (109. Kg4 $4 Kf2 110. Kxg5 Ke3 111. Bf1 Kxe4 112. Kh6 d5 $19) 109... Ba2 (
109... Bc2 $2 110. Bh5 $18) 110. Kf3 g4+ 111. Kg3 $8 Bb3 (111... Bb1 $2 112.
Bxg4 Ba2 (112... Bxe4 113. Bh5 $18) 113. Be6 $1 $18) 112. Bd3 $11) (107. c5 $3
{Not only does this create the drawing mechanism mentioned above, it actually
wins! The hard point to see is that White's f5-pawn is a promotion threat.}
dxc5 108. Bc4 {After g4-g5 and Bxf7 Black will have to give up his B to stop
the f-pawn, and White's B prevents Black from trading the game-winning white
b-pawn:} Bc6 (108... Bc2 109. g5 $1 fxg5 (109... Bxe4 110. gxf6 $18) 110. Bxf7
Bxe4 111. f6 $18) (108... Be8 109. g5 fxg5 110. f6 $8 $18 {and the white K
wins the g and e-pawns.}) 109. g5 $1 Bxe4 110. gxf6 Bxf5 111. Bxf7 $18) 107...
Kf2 108. g5 fxg5+ 109. Kxg5 Ke3 $19 110. Bb1 Bc6 (110... Bc6 111. Kf6 Bxe4 112.
Kxf7 Bxb1 113. f6 Ba2 $8 $19) 0-1

[Event "WYCC U18"]
[Site "Porto Carras"]
[Date "2015.11.05"]
[Round "11.18"]
[White "Garriga Cazorla, Pere"]
[Black "Dorrance, Adam"]
[Result "1/2-1/2"]
[WhiteElo "2422"]
[BlackElo "2131"]
[Annotator "Michael Kleinman"]
[PlyCount "102"]
[EventDate "2015.10.26"]
[EventType "swiss"]
[EventRounds "11"]
[EventCountry "GRE"]
[SourceTitle "Chess Canada - Ketchup 1"]
[SourceDate "2017.03.23"]
[WhiteClock "1:23:52"]
[BlackClock "0:16:25"]

{http://chess.ca/newsfeed/node/704  This week, I chose to analyse one of Adam
Dorrance's game from the 2015 WYCC. Adam put in a strong performance and
gainied around 150 FIDE rating points. I decided to annotate his last round
game against a higher-rated player. Adam played quite solidly, and even
outplayed his opponent with the Black pieces and gained some winning chances.
Enjoy!} 1. e4 c5 2. Nf3 Nc6 3. Nc3 {Diagram [#] White usually chooses this
move order to avoid the Sveshnikov.} e5 {This is probably the most principled
response. At first, it looks a bit weakening to create the hole on d5, but
whenever White tries placing a Knight there, it will be exchanged.} 4. Bc4 Be7
5. d3 d6 6. Nd2 {White is trying to bring his other Knight to e3 to plop a
Knight on d5. If he is able to do this he will stand clearly better.} Nf6 7.
Nf1 Bg4 8. f3 Be6 9. Ne3 O-O 10. O-O {Diagram [#] White may be slightly better
here, but the position is very close to equal.} Nd4 (10... Rb8 {is how many
previous games continued. Adam's decision of activating the Knight to d4 was
extremely logical as well.} 11. a4 Nb4 12. Ncd5 Nbxd5 13. exd5 Bd7 14. f4 e4 {
(1-0, 39) Naiditsch,A (2571)-Mamedyarov,S (2657) Antalya, 2004.}) 11. a4 (11.
f4 {seems logical to me} exf4 12. Rxf4 Bxc4 13. dxc4 $14 (13. Nxc4 d5 $11))
11... Rb8 12. Ncd5 Nxd5 13. Nxd5 Bg5 {Getting rid of Black's bad bishop.} 14.
c3 Bxc1 15. Rxc1 Nc6 16. Ne3 a6 {Diagram [#]} 17. g3 (17. Bd5 Ne7 18. Bxe6 (18.
Qb3 $5) 18... fxe6 19. d4 cxd4 20. cxd4 Qb6 $1 $13) 17... b5 18. axb5 axb5 19.
Bd5 Ne7 20. Bxe6 fxe6 21. f4 exf4 22. gxf4 {Diagram [#] Black has played very
logically, and now stands a little better.} Ng6 (22... d5 $15) 23. Qg4 Qf6 24.
Ng2 b4 25. f5 Ne5 26. Qg3 exf5 27. Rxf5 Qh6 28. Rcf1 Rxf5 29. exf5 bxc3 30.
bxc3 {Diagram [#]} Qf6 {This is the safer choice, but Black could have played
the enterprising ...Qd2!} (30... Qd2 {was possible to attack the d3 pawn. It
does look a bit dangerous to abandon the Black king though.} 31. f6 g6 32. Qh3
Qxc3 33. Qe6+ Nf7 34. Re1 Qd4+ 35. Kh1 h5 $15) 31. Ne3 Nf7 32. Nd5 Qg5 $11 33.
f6 Qxg3+ 34. hxg3 gxf6 35. Nxf6+ Kg7 36. Nh5+ Kg8 {Diagram [#]} 37. d4 cxd4 38.
cxd4 Ng5 39. Rf5 Ne6 40. d5 Nd4 41. Rf6 Rb1+ 42. Kg2 Nb5 43. Kh3 Rd1 44. Nf4
Kg7 45. Nh5+ Kg8 46. Re6 Rxd5 47. Kg4 Re5 48. Nf6+ Kg7 49. Rxe5 dxe5 50. Nxh7
Kxh7 51. Kf5 Kh6 1/2-1/2

[Event "FIDE World 50+"]
[Site "?"]
[Date "2015.11.17"]
[Round "7"]
[White "Cummings, David"]
[Black "Furman, Boris"]
[Result "1-0"]
[WhiteElo "2307"]
[BlackElo "2218"]
[Annotator "David Cummings"]
[PlyCount "53"]
[EventDate "2015.??.??"]
[SourceTitle "Chess Canada - Ketchup 1"]
[SourceDate "2017.03.23"]

1. c4 e6 2. Nc3 d5 3. d4 Nf6 4. cxd5 exd5 5. Bg5 Bb4 {Diagram [#] A slightly
unusual line, a kind of hybrid between the Nimzo-Indian and Queen's Gambit
Declined.} 6. e3 (6. Nf3 {would transpose into the Ragozin system, but with
Furman's move-order White has the flexibility to develop his g1-knight to e2})
6... h6 7. Bh4 g5 8. Bg3 Ne4 9. Nge2 h5 {Diagram [#] When preparing for this
game, I noticed that my opponent played this rare line, and had achieved a
decent position against GM Sturua (2014 World 50+ and 2015 European 50+
Champion). So before the game, I looked at this line briefly with the engine,
time well spent as it turns out.} 10. h4 Nxg3 11. Nxg3 gxh4 12. Nxh5 {Diagram 
[#]} Qg5 $6 {In the light of White's next move, I thought my opponent may have
played} (12... c6 {when I had prepared} 13. a3 (13. Qf3 Qg5 14. Be2 Be6 15.
O-O-O Nd7 16. g3 {draw agreed, was played in Moranda,W (2591)-Rosenthal,D 
(2401) Germany 2013 ½-½ (16)}) 13... Bd6 {and now White can try the tricky}
14. g3 $5 hxg3 15. Qf3 $5 gxf2+ 16. Kd2 {with good attacking chances for White.
Instead, my opponent continued to follow his game against Sturua, and so
allowed my next move.}) 13. Qa4+ $1 {A big improvement over} (13. Nf4 c6 14.
Bd3 Bd6 {when Black got an acceptable position in Sturua,Z (2525)-Furman,B 
(2225) Porto 2014; White only won after a long struggle (1-0, 63).}) 13... Nc6
{Black blocks awkwardly with the knight. Instead} (13... c6 14. Qxb4 Rxh5 {or}
(14... Qxh5 15. e4 {when Black's king is exposed}) 15. O-O-O {is also good for
White who has a big lead in development}) 14. Nf4 (14. Bb5 $4 Bxc3+ 15. bxc3
Rxh5 {was played in an old game Calvo Minguez,R-Ghitescu,T (2450) Havana 1966
½-½ (28), but Black could have won on the spot with} (15... Qxh5 16. Bxc6+
bxc6 17. Qxc6+ Ke7 {and if} 18. Qxa8 Ba6 {Black wins the queen because of the
threat of mate on e2})) {[#]Diagram} 14... Bg4 $2 {Preventing White from
castling but allowing a big tactic} (14... Bd7 {is more natural and what I was
expecting} 15. Qb5 $1 {This slightly unusual move is more or less all I could
remember from the computer analysis. The point is to attack both the b-pawn
and the d-pawn.} (15. O-O-O Bxc3 16. bxc3 O-O-O {would be roughly equal}) 15...
Nxd4 (15... O-O-O 16. Nfxd5 $1 {wins a pawn for White since Black can't
continue} Nxd4 $2 {because of the deadly discovered check} 17. Nb6+ axb6 18.
Qxg5 {winning the queen}) 16. Qxb7 {and now} Bc6 (16... Rd8 17. O-O-O {and
White will win the d-pawn at least}) 17. Bb5 $3 {is a nice blow. White is much
better after} O-O 18. Bxc6 Rab8 19. Qxc7 Rfc8 20. Qd7 {and White will emerge
from the complications with extra material}) 15. Ba6 $1 {I was happy to spot
this over the board.} Bd7 16. Bxb7 {[#]} Nxd4 {If Black tries} (16... Bxc3+ 17.
bxc3 Nd8 {White wins after} 18. Qb3 $1 (18. Qa6 $6 {can be met by} Rh6) 18...
Rb8 19. Qxd5 {escaping from the pin with a crucial tempo on Black's queen}) 17.
Qd1 $1 {This retreating move is the key to the position. In fact it is the
only winning move. If} (17. Qa6 $2 Bb5 $1 {and Black is back in the game.} 18.
Bc6+ Bxc6 19. O-O-O {is very unclear}) 17... Nb5 (17... Rb8 18. Qxd4 {hits the
h8-rook and so wins after} Bxc3+ 19. Qxc3 $18) 18. Bxa8 {Diagram [#] White has
a decisive material advantage} Nxc3 (18... d4 {looks a bit scary at first
sight but White can consolidate with either} 19. a3 {or the simple} (19. Kf1
dxc3 20. bxc3 {is also good enough}) 19... dxc3 20. axb4 cxb2 21. Rb1 Nc3 22.
Qd4 {winning easily}) 19. bxc3 Bxc3+ 20. Kf1 h3 {or} (20... Bxa1 21. Qxa1 O-O
22. Bxd5 Rb8 23. Kg1 Bf5 24. Kh2 {with a safe extra piece}) 21. Nxh3 Qe5 22.
Rb1 c6 {Diagram [#]} 23. Qa4 O-O (23... Rh6 {then simply} 24. Kg1 {unpins the
h3-knight}) 24. Bxc6 Bf5 25. Rd1 Be4 26. Bxd5 {ending all resistance} Bxd5 27.
Qg4+ (27. Qg4+ Qg7 28. Qxg7+ Kxg7 29. Rxd5 {and even I should win this one :)})
1-0

[Event "FIDE World 50+"]
[Site "Acqui Terme"]
[Date "2015.11.21"]
[Round "11"]
[White "Sorm, Daniel"]
[Black "McLaren, Brian"]
[Result "1-0"]
[WhiteElo "2353"]
[BlackElo "2167"]
[Annotator "John Upper"]
[PlyCount "67"]
[EventDate "2015.11.10"]
[EventType "swiss"]
[EventRounds "11"]
[EventCountry "ITA"]
[SourceTitle "Chess Canada - Ketchup 1"]
[SourceDate "2017.03.23"]

1. d4 d5 2. c4 e6 3. Nc3 c6 4. Nf3 dxc4 5. a4 Bb4 6. e3 b5 7. Bd2 a5 8. axb5
Bxc3 9. Bxc3 cxb5 10. b3 Bb7 11. bxc4 b4 12. Bb2 Nf6 {[#]} 13. Bd3 (13. c5 O-O
14. Bb5 Bc6 15. Ba4 Bxa4 16. Qxa4 Qd5 17. O-O Nc6 $11 {with both sides having
strong blockades; Cheng,B (2509)-Southam,D (2231) Toronto 2014; see Chess
Canada 2014.05.}) 13... Nbd7 14. O-O O-O {[#] "the point in the game that
might be called the starting position for the main line Noteboom" - Scherbakov,
The Triangle System (Everyman, 2012).} 15. Nd2 Re8 (15... Qc7 16. Bc2 Rfe8 (
16... e5 {was So,W (2705)-Porper,E (2423) Calgary 2013, (½-½, 32); see Chess
Canada, July 2013.}) 17. Ba4) (15... e5 16. d5 $5 Re8 {is similar to the game,
but without as many open lines for White on the kingside.}) 16. Bc2 e5 (16...
Qc7 17. f4 Nb6 $13) 17. Ba4 exd4 ({Scherbakov recommends} 17... Qc7 {though
his continuation 18.dxe5 Rxe5 19.Bxe5 Nxe5 with no eval might be a cause for
concern.}) 18. exd4 Re7 19. d5 {[#]Both of White's Bs are better than Black's
Bb7, and Black's Ns will have a hard time finding safe and useful squares.
Before Black can even dream of advancing his queenside passers White uses his
extra kingside space and center control to start a winning attack.} Ne5 20. Qb3
Nfd7 21. Qg3 Ra6 22. Bc2 f6 23. Rfe1 Qe8 24. Ba4 Ng6 25. Nf3 (25. f4 $18 {
is strong too.}) 25... Qd8 26. Nd4 Nc5 27. Bb5 Ra8 28. Nf5 $18 Rxe1+ 29. Rxe1
Qf8 (29... Bc8 30. Re8+) 30. h4 a4 31. h5 a3 (31... Ne5 32. f4 (32. h6 {
also wins, since} g6 33. Rxe5 $1 {owns the diagonal.}) 32... Ned7 33. Ne7+ Kf7
(33... Kh8 34. Ng6+ $18) 34. Ng6 hxg6 35. hxg6+ Kg8 36. Qh3 $18 {and just look
how useless Black's three minors are.}) 32. Bd4 b3 33. hxg6 h6 34. Qc7 1-0